| 000 | 00735nam a2200241 a 4500 | ||
|---|---|---|---|
| 001 | BRL_913 | ||
| 005 | 20190320210942.0 | ||
| 008 | 241013s1957----mx-ao#####---#000-0#spa-# | ||
| 041 | _aspa | ||
| 044 | _amx | ||
| 050 | 4 |
_aF1391.O12 _b.V37 1957 |
|
| 100 | 1 |
_aVarona, Esteban A. de _9879 |
|
| 245 | 1 | 0 |
_aOaxaca _ctexto y fotografías por Esteban A. de Varona. |
| 260 |
_aMéxico, D.F. _bUnión Gráfica _c1957 |
||
| 300 |
_a43 p. _bil., 40 fotografías _c20 cm. |
||
| 500 | _aAu1071 | ||
| 500 | _aEstado físico: Lomo desprendido. | ||
| 500 | _aIncluye dedicatoria a Ruth Lechuga | ||
| 651 | 4 |
_aOaxaca (México) _xDescripción y viajes _925309 |
|
| 651 | 4 |
_aOaxaca (México) _xAntigüedades _923825 |
|
| 902 | _aGRL | ||
| 942 |
_2lcc _cB |
||
| 999 |
_c9725 _d9725 |
||